Financie a mena

Bibliographic Details
Main Authors: Serenčéš, Peter, 1947- (Author), Čierna, Zuzana (Author), Tóth, Marián, 1975- (Author), Rábek, Tomáš, 1982- (Author), Szovics, Peter, 1974- (Author)
Format: Book
Language:Slovak
PhysicalDescription:182 s lit., tab., sch. 29 cm
Published: V Nitre Slovenská poľnohospodárska univerzita 2012
ISBN:9788055209074
Edition:5. preprac. a dopl. vyd.
Subjects:

MARC

LEADER 00000nam a2200000 a 4500
001 vtls010476012
003 SK-MaSNL
005 20260301132954.0
008 240318s2012 xo l d p 000 0 slo
015 |a SNBA2013 
020 |a 9788055209074  |q (brož.) 
035 |a E9AB1FC0-16A3-4B46-95CE-2B02A982AB86 
035 |a urn:nbn:sk:snk-amk0au 
035 |a urn:nbn:sk:snk-am0087wk 
040 |a SNK  |b slo  |c SNK  |e AACR2 
041 0 |a slo 
044 |a xo  |c SK 
072 7 |a 336.7  |x Financie  |2 konspekt 
072 7 |a 37.016  |x Učebné osnovy. Vyučovacie predmety. Učebnice  |2 konspekt 
080 |a 336  |2 2001 
080 |a 336.74  |2 2001 
080 |a (075.8)  |2 2001 
100 1 |a Serenčéš, Peter,  |d 1947-  |4 aut  |9 243364 
245 1 0 |a Financie a mena  |c Peter Serenčéš a kol. 
250 |a 5. preprac. a dopl. vyd. 
260 |a V Nitre  |b Slovenská poľnohospodárska univerzita  |c 2012 
300 |a 182 s  |b lit., tab., sch.  |c 29 cm 
366 |e 700 výt. 
504 |a Bibliogr. s. 177-179 
521 2 |a Pre študentov SPU 
650 0 7 |a financie  |2 SNKPH  |9 2205 
650 0 7 |a mena  |2 SNKPH 
650 0 7 |a Finance  |2 SNKPHeng  |9 265496 
650 0 7 |a Currency  |2 SNKPHeng  |9 326775 
655 7 |a učebnice vysokých škôl  |2 SNKPH  |9 70191 
655 7 |a Textbooks (higher)  |2 SNKPHeng  |9 276436 
700 1 |a Čierna, Zuzana  |4 aut  |9 334359 
700 1 |a Tóth, Marián,  |d 1975-  |4 aut  |9 213905 
700 1 |a Rábek, Tomáš,  |d 1982-  |4 aut  |9 203530 
700 1 |a Szovics, Peter,  |d 1974-  |4 aut  |9 213904 
710 2 |a Slovenská poľnohospodárska univerzita v Nitre.  |b Fakulta ekonomiky a manažmentu.  |b Katedra financií  |4 pbl  |9 123913 
852 |a Štatna vedecká knižnica v Banskej Bystrici 
919 |a 978-80-552-0907-4 
958 |a NB 
999 |c 752467  |d 754397 
952 |a SNK  |b SNK  |y PREZ  |7 0  |p 17A1060275  |o snkSB 84344  |i snk2013/846  |8 0  |0 0  |1 0  |4 0  |d 2013-01-14  |f 1  |l 0  |r 2025-05-06 00:00:00  |w 2026-02-23 
952 |a SNK  |b SNK  |y VYP  |7 0  |p 17A1060274  |o snkSB 84344 D1  |i snk2013/847  |8 0  |0 0  |1 0  |4 0  |d 2013-01-14  |l 0  |r 2016-06-30 00:00:00  |w 2026-02-23